Export financing scheme (EFS) guidelines.
| Format: | Book |
|---|---|
| Published: |
Jeddah:
Islamic Development Bank,
1999.
|
| Subjects: |
| LEADER | 00396cam a2200133 7i4500 | ||
|---|---|---|---|
| 001 | 0000010702 | ||
| 005 | 20020429090000.0 | ||
| 090 | 0 | 0 | |a SAUD 382.6 |b EXP |
| 245 | 0 | 0 | |a Export financing scheme (EFS) guidelines. |
| 260 | 0 | 0 | |a Jeddah: |b Islamic Development Bank, |c 1999. |
| 300 | # | # | |a 21 p. |
| 650 | 0 | 0 | |a Export -- |z Saudi Arabia |
| 651 | 0 | 0 | |a Saudi Arabia |
| 999 | |a 0000011291 |b Book |c Countries |e Business Information Centre | ||